[Event "FIDE World Cup 2025"]
[Site "Goa, India"]
[Date "2025.11.01"]
[Round "1.19"]
[White "Neiksans, Arturs"]
[Black "Suleymenov, Alisher"]
[Result "1/2-1/2"]
[TimeControl ": 90 minutes for the first 40 moves, followed by 30 minutes for the rest of the gamewith an increment of 30 seconds per move starting from move 1"]
[WhiteFideId "11601388"]
[BlackFideId "13707833"]
[WhiteElo "2585"]
[BlackElo "2491"]

1. Nf3 {[%clk 01:30:57]} {[%emt 00:00:03]} d5 {[%clk 01:30:53]} {[%emt
00:00:07]} 2. g3 {[%clk 01:31:22]} {[%emt 00:00:05]} g6 {[%clk 01:31:18]}
{[%emt 00:00:04]} 3. Bg2 {[%clk 01:31:13]} {[%emt 00:00:39]} Bg7 {[%clk
01:31:40]} {[%emt 00:00:08]} 4. d4 {[%clk 01:31:26]} {[%emt 00:00:18]} Nf6
{[%clk 01:32:02]} {[%emt 00:00:08]} 5. O-O {[%clk 01:31:39]} {[%emt 00:00:17]}
O-O {[%clk 01:32:26]} {[%emt 00:00:06]} 6. c4 {[%clk 01:31:31]} {[%emt
00:00:38]} dxc4 {[%clk 01:32:49]} {[%emt 00:00:07]} 7. Na3 {[%clk 01:31:44]}
{[%emt 00:00:17]} c5 {[%clk 01:33:13]} {[%emt 00:00:06]} 8. dxc5 {[%clk
01:21:12]} {[%emt 00:11:03]} c3 {[%clk 01:33:01]} {[%emt 00:00:41]} 9. Nb5
{[%clk 01:21:35]} {[%emt 00:00:07]} Na6 {[%clk 01:33:22]} {[%emt 00:00:09]} 10.
Nxc3 {[%clk 01:21:36]} {[%emt 00:00:29]} Nxc5 {[%clk 01:33:46]} {[%emt
00:00:06]} 11. Be3 {[%clk 01:21:47]} {[%emt 00:00:19]} Nfe4 {[%clk 01:32:51]}
{[%emt 00:01:25]} 12. Nxe4 {[%clk 01:21:14]} {[%emt 00:01:04]} Nxe4 {[%clk
01:33:15]} {[%emt 00:00:06]} 13. Bd4 {[%clk 01:21:39]} {[%emt 00:00:05]} Bxd4
{[%clk 01:33:28]} {[%emt 00:00:17]} 14. Qxd4 {[%clk 01:16:50]} {[%emt
00:05:19]} Qxd4 {[%clk 01:33:52]} {[%emt 00:00:06]} 15. Nxd4 {[%clk 01:17:16]}
{[%emt 00:00:04]} Nd6 {[%clk 01:34:15]} {[%emt 00:00:05]} 16. Rac1 {[%clk
01:17:05]} {[%emt 00:00:42]} Rd8 {[%clk 01:34:39]} {[%emt 00:00:06]} 17. f4
{[%clk 01:16:51]} {[%emt 00:00:45]} Bg4 {[%clk 01:33:28]} {[%emt 00:01:40]} 18.
Kf2 {[%clk 00:57:09]} {[%emt 00:20:12]} Rac8 {[%clk 01:31:38]} {[%emt
00:02:20]} 19. h3 {[%clk 00:52:14]} {[%emt 00:05:26]} Bd7 {[%clk 01:31:11]}
{[%emt 00:00:57]} 20. b3 {[%clk 00:40:37]} {[%emt 00:12:07]} h5 {[%clk
01:22:59]} {[%emt 00:08:40]} 21. Rfd1 {[%clk 00:37:54]} {[%emt 00:03:14]} a5
{[%clk 01:16:53]} {[%emt 00:06:36]} 22. e4 {[%clk 00:30:31]} {[%emt 00:07:52]}
b6 {[%clk 01:02:02]} {[%emt 00:15:22]} 23. Ke3 {[%clk 00:30:15]} {[%emt
00:00:46]} a4 {[%clk 00:53:41]} {[%emt 00:08:52]} 24. Bf1 {[%clk 00:27:02]}
{[%emt 00:03:42]} axb3 {[%clk 00:48:50]} {[%emt 00:05:22]} 25. axb3 {[%clk
00:27:10]} {[%emt 00:00:22]} Kg7 {[%clk 00:47:05]} {[%emt 00:02:15]} 26. h4
{[%clk 00:19:22]} {[%emt 00:08:17]} Bg4 {[%clk 00:44:42]} {[%emt 00:02:52]} 27.
Rxc8 {[%emt 00:01:56]} Rxc8 {[%clk 00:45:06]} 28. Ra1 {[%clk 00:17:58]} {[%emt
00:00:34]} f5 {[%clk 00:41:31]} {[%emt 00:04:06]} 29. e5 {[%clk 00:14:09]}
{[%emt 00:04:19]} Rc3+ {[%clk 00:39:02]} {[%emt 00:02:58]} 30. Bd3 {[%clk
00:14:31]} {[%emt 00:00:08]} Ne4 {[%clk 00:39:17]} {[%emt 00:00:15]} 31. b4
{[%clk 00:12:40]} {[%emt 00:02:21]} Kf7 {[%clk 00:33:16]} {[%emt 00:06:31]} 32.
Nb5 {[%clk 00:04:28]} {[%emt 00:08:42]} Rb3 {[%clk 00:30:43]} {[%emt 00:03:03]}
33. Rb1 {[%clk 00:04:47]} {[%emt 00:00:11]} Rxb1 {[%clk 00:30:50]} {[%emt
00:00:23]} 34. Bxb1 {[%clk 00:05:13]} {[%emt 00:00:03]} Nxg3 {[%clk 00:30:39]}
{[%emt 00:00:41]} 35. Bd3 {[%clk 00:04:26]} {[%emt 00:01:17]} Bh3 {[%clk
00:19:34]} {[%emt 00:11:35]} 36. Kf2 {[%clk 00:03:49]} {[%emt 00:01:07]} Ne4+
{[%clk 00:19:04]} {[%emt 00:01:01]} 37. Bxe4 {[%clk 00:04:08]} {[%emt
00:00:11]} fxe4 {[%clk 00:19:30]} {[%emt 00:00:04]} 38. Nc7 {[%clk 00:03:19]}
{[%emt 00:01:19]} Bd7 {[%clk 00:14:18]} {[%emt 00:05:41]} 39. Nd5 {[%clk
00:02:49]} {[%emt 00:01:00]} b5 {[%clk 00:05:57]} {[%emt 00:08:52]} 40. Nc7
{[%clk 00:02:44]} {[%emt 00:00:34]} Bc6 {[%clk 00:05:32]} {[%emt 00:00:55]} 41.
Ke3 {[%clk 00:02:53]} {[%emt 00:00:21]} e6 {[%clk 00:04:40]} {[%emt 00:01:23]}
42. Na6 {[%clk 00:14:39]} {[%emt 00:18:43]} Ke7 {[%clk 00:34:03]} {[%emt
00:01:06]} 43. Nc5 {[%clk 00:14:35]} {[%emt 00:00:35]} Bd5 {[%clk 00:34:27]}
{[%emt 00:00:07]} 44. Kd4 {[%clk 00:14:52]} {[%emt 00:00:13]} Kd8 {[%clk
00:33:40]} {[%emt 00:01:17]} 45. Nxe4 {[%clk 00:09:38]} {[%emt 00:05:44]} Bxe4
{[%clk 00:32:43]} {[%emt 00:01:26]} 46. Kxe4 {[%clk 00:10:04]} {[%emt
00:00:04]} Kc7 {[%clk 00:32:39]} {[%emt 00:00:34]} 47. Kd4 {[%clk 00:10:28]}
{[%emt 00:00:06]} Kc6 {[%clk 00:33:04]} {[%emt 00:00:06]} 48. Ke4 {[%clk
00:10:53]} {[%emt 00:00:05]} 1/2-1/2

[Event "FIDE World Cup 2025"]
[Site "Goa, India"]
[Date "2025.11.01"]
[Round "1.20"]
[White "Atabayev, Saparmyrat"]
[Black "Nesterov, Arseniy"]
[Result "1/2-1/2"]
[TimeControl ": 90 minutes for the first 40 moves, followed by 30 minutes for the rest of the gamewith an increment of 30 seconds per move starting from move 1"]
[WhiteFideId "14000571"]
[BlackFideId "24198455"]
[WhiteElo "2494"]
[BlackElo "2584"]

1. e4 {[%clk 01:30:58]} e5 {[%clk 01:30:54]} {[%emt 00:00:07]} 2. Nf3 {[%clk
01:31:25]} {[%emt 00:00:03]} Nf6 {[%clk 01:31:19]} {[%emt 00:00:05]} 3. Nxe5
{[%clk 01:31:47]} {[%emt 00:00:08]} d6 {[%clk 01:31:44]} {[%emt 00:00:04]} 4.
Nf3 {[%clk 01:32:11]} {[%emt 00:00:07]} Nxe4 {[%clk 01:32:08]} {[%emt
00:00:06]} 5. d4 {[%clk 01:31:23]} {[%emt 00:01:18]} d5 {[%clk 01:32:27]}
{[%emt 00:00:11]} 6. Bd3 {[%clk 01:31:49]} {[%emt 00:00:04]} Be7 {[%clk
01:32:46]} {[%emt 00:00:11]} 7. O-O {[%clk 01:32:11]} {[%emt 00:00:08]} Bf5
{[%clk 01:33:04]} {[%emt 00:00:12]} 8. Nbd2 {[%clk 01:31:21]} {[%emt 00:01:20]}
O-O {[%clk 01:32:36]} {[%emt 00:00:59]} 9. Re1 {[%clk 01:31:08]} {[%emt
00:00:44]} Nd6 {[%clk 01:33:00]} {[%emt 00:00:06]} 10. Nf1 {[%clk 01:30:48]}
{[%emt 00:00:49]} c6 {[%clk 01:32:41]} {[%emt 00:00:49]} 11. Bf4 {[%clk
01:30:24]} {[%emt 00:00:54]} Bxd3 {[%clk 01:33:05]} {[%emt 00:00:06]} 12. Qxd3
{[%clk 01:30:51]} {[%emt 00:00:03]} Na6 {[%clk 01:32:40]} {[%emt 00:00:56]} 13.
Re2 {[%clk 01:25:53]} {[%emt 00:05:28]} Nc7 {[%clk 01:25:54]} {[%emt 00:07:16]}
14. h3 {[%clk 01:23:26]} {[%emt 00:02:57]} Ne6 {[%clk 01:11:43]} {[%emt
00:14:41]} 15. Bh2 {[%clk 01:23:11]} {[%emt 00:00:44]} Ne4 {[%clk 01:06:36]}
{[%emt 00:05:38]} 16. N1d2 {[%clk 01:01:55]} {[%emt 00:21:46]} Bd6 {[%clk
00:52:22]} {[%emt 00:14:44]} 17. Bxd6 {[%clk 00:59:54]} {[%emt 00:02:31]} Nxd6
{[%clk 00:52:47]} {[%emt 00:00:05]} 18. g3 {[%clk 00:56:43]} {[%emt 00:03:41]}
Re8 {[%clk 00:51:55]} {[%emt 00:01:22]} 19. Rae1 {[%clk 00:54:14]} {[%emt
00:02:59]} Qc7 {[%clk 00:38:53]} {[%emt 00:13:32]} 20. b3 {[%clk 00:42:34]}
{[%emt 00:12:10]} Nf8 {[%clk 00:29:36]} {[%emt 00:09:47]} 21. c4 {[%clk
00:41:37]} {[%emt 00:01:27]} Rxe2 {[%clk 00:29:56]} {[%emt 00:00:10]} 22. Rxe2
{[%clk 00:42:03]} {[%emt 00:00:04]} dxc4 {[%clk 00:24:58]} {[%emt 00:05:27]} 23.
bxc4 {[%clk 00:42:00]} {[%emt 00:00:32]} Qd7 {[%clk 00:21:58]} {[%emt
00:03:32]} 24. c5 {[%clk 00:32:41]} {[%emt 00:09:49]} Nb5 {[%clk 00:20:28]}
{[%emt 00:01:58]} 25. a4 {[%clk 00:29:11]} {[%emt 00:04:01]} Nc7 {[%clk
00:20:54]} {[%emt 00:00:03]} 26. Nc4 {[%clk 00:20:38]} {[%emt 00:09:03]} Qxh3
{[%clk 00:16:26]} {[%emt 00:04:58]} 27. Re7 {[%clk 00:19:36]} {[%emt 00:01:32]}
Nfe6 {[%clk 00:16:15]} {[%emt 00:00:42]} 28. Nd6 {[%clk 00:19:22]} {[%emt
00:00:49]} Rf8 {[%clk 00:14:48]} {[%emt 00:01:52]} 29. Qe4 {[%clk 00:13:55]}
{[%emt 00:05:57]} Qh5 {[%clk 00:08:30]} {[%emt 00:06:48]} 30. Kg2 {[%clk
00:10:04]} {[%emt 00:04:21]} b6 {[%clk 00:06:17]} {[%emt 00:02:44]} 31. Qf5
{[%clk 00:01:54]} {[%emt 00:08:39]} Qxf5 {[%clk 00:06:12]} {[%emt 00:00:35]} 32.
Nxf5 {[%clk 00:02:23]} {[%emt 00:00:01]} bxc5 {[%clk 00:04:59]} {[%emt
00:01:43]} 33. dxc5 {[%clk 00:02:52]} Re8 {[%clk 00:03:26]} {[%emt 00:02:03]}
34. Rd7 {[%clk 00:01:17]} {[%emt 00:02:05]} Rd8 {[%clk 00:03:50]} {[%emt
00:00:06]} 35. Rd6 {[%clk 00:01:02]} {[%emt 00:00:44]} Kf8 {[%clk 00:02:19]}
{[%emt 00:02:01]} 36. Ne5 {[%clk 00:00:45]} {[%emt 00:00:47]} g6 {[%clk
00:02:04]} {[%emt 00:00:46]} 37. Nd4 {[%clk 00:00:48]} {[%emt 00:00:27]} Rc8
{[%clk 00:01:33]} {[%emt 00:01:00]} 38. Nxe6+ {[%clk 00:00:37]} {[%emt
00:00:41]} Nxe6 {[%clk 00:01:50]} {[%emt 00:00:14]} 39. Rd7 {[%clk 00:00:50]}
{[%emt 00:00:17]} Rc7 {[%clk 00:00:48]} {[%emt 00:01:32]} 40. Rxc7 {[%clk
00:01:14]} {[%emt 00:00:06]} Nxc7 {[%clk 00:01:14]} {[%emt 00:00:05]} 41. Nxc6
{[%clk 00:01:42]} {[%emt 00:00:02]} a6 {[%clk 00:01:08]} {[%emt 00:00:36]} 42.
Nb4 {[%emt 00:11:13]} Ke7 {[%clk 00:24:44]} 43. Kf3 {[%clk 00:27:28]} {[%emt
00:00:54]} Ke6 {[%clk 00:25:02]} {[%emt 00:00:11]} 44. Ke4 {[%clk 00:26:10]}
{[%emt 00:01:48]} h5 {[%clk 00:22:12]} {[%emt 00:03:21]} 1/2-1/2

[Event "FIDE World Cup 2025"]
[Site "Goa, India"]
[Date "2025.11.01"]
[Round "1.21"]
[White "Tin, Jingyao"]
[Black "Lashkin, Jegor"]
[Result "1/2-1/2"]
[TimeControl ": 90 minutes for the first 40 moves, followed by 30 minutes for the rest of the gamewith an increment of 30 seconds per move starting from move 1"]
[WhiteFideId "5804418"]
[BlackFideId "13907808"]
[WhiteElo "2583"]
[BlackElo "2497"]

1. c4 {[%clk 01:30:44]} {[%emt 00:00:15]} e5 {[%clk 01:30:35]} {[%emt
00:00:25]} 2. g3 {[%clk 01:31:01]} {[%emt 00:00:13]} Nf6 {[%clk 01:30:05]}
{[%emt 00:01:01]} 3. Bg2 {[%clk 01:30:28]} {[%emt 00:01:03]} Bc5 {[%clk
01:30:11]} {[%emt 00:00:24]} 4. Nc3 {[%clk 01:28:15]} {[%emt 00:02:42]} c6
{[%clk 01:30:08]} {[%emt 00:00:33]} 5. e3 {[%clk 01:14:25]} {[%emt 00:14:20]}
d5 {[%clk 01:24:14]} {[%emt 00:06:24]} 6. cxd5 {[%clk 01:14:36]} {[%emt
00:00:19]} Nxd5 {[%clk 01:22:47]} {[%emt 00:01:57]} 7. Nxd5 {[%clk 01:08:58]}
{[%emt 00:06:08]} cxd5 {[%clk 01:23:08]} {[%emt 00:00:10]} 8. d4 {[%clk
01:08:58]} {[%emt 00:00:30]} exd4 {[%clk 01:22:47]} {[%emt 00:00:51]} 9. exd4
{[%clk 01:09:24]} {[%emt 00:00:04]} Bb6 {[%clk 01:21:50]} {[%emt 00:01:27]} 10.
Ne2 {[%clk 01:09:24]} {[%emt 00:00:30]} O-O {[%clk 01:21:52]} {[%emt 00:00:28]}
11. O-O {[%clk 01:09:01]} {[%emt 00:00:53]} Bg4 {[%clk 01:20:16]} {[%emt
00:02:05]} 12. h3 {[%clk 01:05:26]} {[%emt 00:04:05]} Bxe2 {[%clk 01:19:59]}
{[%emt 00:00:47]} 13. Qxe2 {[%clk 01:05:51]} {[%emt 00:00:05]} Nc6 {[%clk
01:19:44]} {[%emt 00:00:45]} 14. Be3 {[%clk 01:02:33]} {[%emt 00:03:48]} Nxd4
{[%clk 01:19:33]} {[%emt 00:00:41]} 15. Qd3 {[%clk 00:59:48]} {[%emt 00:03:14]}
Nc6 {[%clk 01:14:52]} {[%emt 00:05:11]} 16. Bxb6 {[%clk 00:53:15]} {[%emt
00:07:04]} Qxb6 {[%clk 01:14:57]} {[%emt 00:00:25]} 17. Qxd5 {[%clk 00:53:35]}
{[%emt 00:00:09]} Rad8 {[%clk 01:13:02]} {[%emt 00:02:25]} 18. Qb3 {[%clk
00:52:23]} {[%emt 00:01:42]} Rd2 {[%clk 00:58:07]} {[%emt 00:15:25]} 19. Qxb6
{[%clk 00:49:01]} {[%emt 00:03:52]} axb6 {[%clk 00:58:31]} {[%emt 00:00:06]} 20.
Rfd1 {[%clk 00:47:52]} {[%emt 00:01:39]} Rfd8 {[%clk 00:54:55]} {[%emt
00:04:06]} 21. Rxd2 {[%clk 00:46:04]} {[%emt 00:02:19]} Rxd2 {[%clk 00:55:16]}
{[%emt 00:00:08]} 22. a3 {[%clk 00:34:57]} {[%emt 00:11:36]} Rxb2 {[%clk
00:40:49]} {[%emt 00:14:58]} 23. Rd1 {[%clk 00:31:22]} {[%emt 00:04:05]} Kf8
{[%clk 00:33:49]} {[%emt 00:07:30]} 24. Rd7 {[%clk 00:31:07]} {[%emt 00:00:45]}
Rb1+ {[%clk 00:31:15]} {[%emt 00:03:05]} 25. Kh2 {[%clk 00:31:25]} {[%emt
00:00:11]} Rb2 {[%clk 00:30:07]} {[%emt 00:01:39]} 26. Kg1 {[%clk 00:28:51]}
{[%emt 00:03:04]} Rb1+ {[%clk 00:30:07]} {[%emt 00:00:30]} 27. Kh2 {[%clk
00:28:41]} {[%emt 00:00:39]} Rb2 {[%emt 00:03:54]} 28. Kg1 {[%emt 00:00:08]}
1/2-1/2

[Event "FIDE World Cup 2025"]
[Site "Goa, India"]
[Date "2025.11.01"]
[Round "1.22"]
[White "Warmerdam, Max"]
[Black "Lalit, Babu M R"]
[Result "1/2-1/2"]
[TimeControl ": 90 minutes for the first 40 moves, followed by 30 minutes for the rest of the gamewith an increment of 30 seconds per move starting from move 1"]
[WhiteFideId "1048104"]
[BlackFideId "5024595"]
[WhiteElo "2591"]
[BlackElo "2502"]

1. d4 {[%clk 01:30:55]} {[%emt 00:00:03]} d5 {[%clk 01:30:49]} {[%emt
00:00:12]} 2. Nf3 {[%clk 01:28:48]} {[%emt 00:02:37]} Nf6 {[%clk 01:30:05]}
{[%emt 00:01:15]} 3. e3 {[%clk 01:29:00]} {[%emt 00:00:16]} Bf5 {[%clk
01:22:22]} {[%emt 00:08:14]} 4. Bd3 {[%clk 01:26:52]} {[%emt 00:02:39]} Bxd3
{[%clk 01:20:00]} {[%emt 00:02:52]} 5. cxd3 {[%clk 01:26:12]} {[%emt 00:01:10]}
Nbd7 {[%clk 01:18:35]} {[%emt 00:01:55]} 6. Qb3 {[%clk 01:24:08]} {[%emt
00:02:34]} Nb6 {[%clk 01:07:08]} {[%emt 00:11:58]} 7. Nc3 {[%clk 01:19:58]}
{[%emt 00:04:39]} e6 {[%clk 01:07:30]} {[%emt 00:00:08]} 8. e4 {[%clk
01:20:10]} {[%emt 00:00:18]} Be7 {[%clk 01:05:18]} {[%emt 00:02:42]} 9. O-O
{[%clk 01:16:09]} {[%emt 00:04:32]} O-O {[%clk 01:05:23]} {[%emt 00:00:25]} 10.
Be3 {[%clk 01:15:16]} {[%emt 00:01:23]} a5 {[%clk 01:00:12]} {[%emt 00:05:42]}
11. a3 {[%clk 01:13:03]} {[%emt 00:02:43]} a4 {[%clk 00:57:24]} {[%emt
00:03:17]} 12. Qc2 {[%clk 01:12:02]} {[%emt 00:01:30]} Nfd7 {[%clk 00:49:20]}
{[%emt 00:08:34]} 13. Rfe1 {[%clk 01:07:44]} {[%emt 00:04:48]} Ra5 {[%clk
00:46:13]} {[%emt 00:03:37]} 14. Bd2 {[%clk 01:03:36]} {[%emt 00:04:37]} Ra8
{[%clk 00:43:36]} {[%emt 00:03:08]} 15. Rac1 {[%clk 00:52:41]} {[%emt
00:11:25]} Re8 {[%clk 00:39:06]} {[%emt 00:05:01]} 16. Be3 {[%clk 00:51:06]}
{[%emt 00:02:04]} Ra5 {[%clk 00:38:44]} {[%emt 00:00:52]} 17. Qd2 {[%clk
00:46:12]} {[%emt 00:05:24]} c6 {[%clk 00:30:03]} {[%emt 00:09:11]} 18. Bf4
{[%clk 00:43:14]} {[%emt 00:03:28]} Nf8 {[%clk 00:29:02]} {[%emt 00:01:32]} 19.
Qc2 {[%clk 00:38:08]} {[%emt 00:05:36]} Nfd7 {[%clk 00:29:03]} {[%emt
00:00:29]} 20. Re2 {[%clk 00:35:01]} {[%emt 00:03:37]} Nf8 {[%clk 00:28:08]}
{[%emt 00:01:25]} 21. h3 {[%clk 00:33:53]} {[%emt 00:01:38]} Ng6 {[%clk
00:25:08]} {[%emt 00:03:30]} 22. Bd2 {[%clk 00:33:31]} {[%emt 00:00:52]} Ra8
{[%clk 00:24:44]} {[%emt 00:00:55]} 23. g3 {[%clk 00:33:42]} {[%emt 00:00:18]}
c5 {[%clk 00:18:29]} {[%emt 00:06:45]} 24. Be3 {[%clk 00:11:53]} {[%emt
00:22:18]} dxe4 {[%clk 00:07:31]} {[%emt 00:11:29]} 25. dxe4 {[%clk 00:12:10]}
{[%emt 00:00:13]} Nc4 {[%clk 00:07:53]} {[%emt 00:00:08]} 26. dxc5 {[%clk
00:10:27]} {[%emt 00:02:13]} Nxe3 {[%clk 00:08:01]} {[%emt 00:00:22]} 27. Rxe3
{[%clk 00:10:53]} {[%emt 00:00:05]} Bxc5 {[%clk 00:08:06]} {[%emt 00:00:25]} 28.
Rd3 {[%clk 00:11:18]} {[%emt 00:00:04]} Qa5 {[%clk 00:08:14]} {[%emt 00:00:23]}
29. Nxa4 {[%clk 00:09:32]} {[%emt 00:02:15]} Ba7 {[%clk 00:03:30]} {[%emt
00:05:14]} 30. Nc3 {[%clk 00:09:28]} {[%emt 00:00:34]} Ne5 {[%clk 00:03:41]}
{[%emt 00:00:19]} 31. Nxe5 {[%clk 00:09:30]} {[%emt 00:00:28]} Qxe5 {[%clk
00:04:08]} {[%emt 00:00:04]} 32. Kg2 {[%clk 00:08:30]} {[%emt 00:01:31]} h5
{[%clk 00:03:59]} {[%emt 00:00:38]} 33. Qd2 {[%clk 00:07:37]} {[%emt 00:01:22]}
Rac8 {[%clk 00:02:51]} {[%emt 00:01:40]} 34. Rd7 {[%clk 00:07:23]} {[%emt
00:00:43]} Bb8 {[%clk 00:02:24]} {[%emt 00:00:57]} 35. h4 {[%clk 00:06:05]}
{[%emt 00:01:48]} Bc7 {[%clk 00:01:34]} {[%emt 00:01:21]} 36. Qg5 {[%clk
00:05:19]} {[%emt 00:01:15]} Red8 {[%clk 00:01:53]} {[%emt 00:00:11]} 37. Rcd1
{[%clk 00:02:23]} {[%emt 00:03:27]} Rxd7 {[%clk 00:01:25]} {[%emt 00:00:59]} 38.
Rxd7 {[%clk 00:02:50]} {[%emt 00:00:02]} Qxg5 {[%clk 00:01:31]} {[%emt
00:00:24]} 39. hxg5 {[%clk 00:03:17]} {[%emt 00:00:04]} Be5 {[%clk 00:01:57]}
{[%emt 00:00:03]} 40. Rd3 {[%clk 00:02:15]} {[%emt 00:01:31]} Rc4 {[%clk
00:01:13]} {[%emt 00:01:14]} 41. f4 {[%clk 00:28:53]} {[%emt 00:03:52]} Bd4
{[%clk 00:28:34]} {[%emt 00:03:09]} 42. Kf3 {[%clk 00:28:26]} {[%emt 00:00:57]}
Kf8 {[%clk 00:26:29]} {[%emt 00:02:36]} 43. Nd1 {[%clk 00:20:38]} {[%emt
00:08:17]} e5 {[%clk 00:24:48]} {[%emt 00:02:11]} 44. Nc3 {[%clk 00:19:41]}
{[%emt 00:01:27]} exf4 {[%clk 00:19:45]} {[%emt 00:05:34]} 45. gxf4 {[%clk
00:18:18]} {[%emt 00:01:52]} Bxc3 {[%clk 00:12:00]} {[%emt 00:08:15]} 46. bxc3
{[%clk 00:17:47]} {[%emt 00:01:01]} Ke7 {[%clk 00:11:49]} {[%emt 00:00:41]} 47.
f5 {[%clk 00:15:19]} {[%emt 00:02:59]} Ra4 {[%clk 00:10:00]} {[%emt 00:02:19]}
48. c4 {[%clk 00:13:26]} {[%emt 00:02:22]} Rxc4 {[%clk 00:10:13]} {[%emt
00:00:17]} 49. Rb3 {[%clk 00:13:53]} {[%emt 00:00:03]} Rc7 {[%clk 00:07:19]}
{[%emt 00:03:24]} 50. Rb6 {[%clk 00:14:18]} {[%emt 00:00:05]} g6 {[%clk
00:04:21]} {[%emt 00:03:29]} 51. fxg6 {[%clk 00:13:41]} {[%emt 00:01:07]} fxg6
{[%clk 00:04:47]} {[%emt 00:00:04]} 52. Rxg6 {[%clk 00:14:07]} {[%emt
00:00:04]} Rc3+ {[%clk 00:05:14]} {[%emt 00:00:03]} 53. Kf4 {[%clk 00:14:29]}
{[%emt 00:00:08]} Rxa3 {[%clk 00:05:05]} {[%emt 00:00:39]} 54. Rg7+ {[%clk
00:11:43]} {[%emt 00:03:15]} Ke6 {[%clk 00:05:18]} {[%emt 00:00:17]} 55. Rxb7
{[%clk 00:11:46]} {[%emt 00:00:26]} h4 {[%clk 00:05:23]} {[%emt 00:00:25]} 56.
Rh7 {[%clk 00:08:22]} {[%emt 00:03:54]} h3 {[%clk 00:05:48]} {[%emt 00:00:06]}
57. Rh6+ {[%clk 00:06:45]} {[%emt 00:02:07]} Kf7 {[%clk 00:06:13]} {[%emt
00:00:06]} 58. e5 {[%clk 00:06:52]} {[%emt 00:00:23]} Rb3 {[%emt 00:02:59]} 59.
Rf6+ {[%clk 00:04:40]} Kg7 {[%clk 00:04:11]} {[%emt 00:02:44]} 60. Rh6 {[%clk
00:05:06]} {[%emt 00:00:04]} Kf7 {[%clk 00:04:39]} {[%emt 00:00:03]} 61. e6+
{[%clk 00:02:39]} {[%emt 00:02:57]} Ke7 {[%clk 00:04:09]} {[%emt 00:01:00]} 62.
Kg4 {[%emt 00:00:28]} Re3 {[%clk 00:04:25]} 63. Kf5 {[%clk 00:02:49]} {[%emt
00:00:35]} Rf3+ {[%clk 00:04:49]} {[%emt 00:00:06]} 64. Kg6 {[%clk 00:02:29]}
{[%emt 00:00:50]} Kxe6 {[%clk 00:04:27]} {[%emt 00:00:53]} 65. Kh7+ {[%clk
00:02:54]} {[%emt 00:00:05]} Kf5 {[%clk 00:04:15]} {[%emt 00:00:42]} 66. g6
{[%clk 00:03:19]} {[%emt 00:00:06]} Kg4 {[%clk 00:03:58]} {[%emt 00:00:47]} 67.
g7 {[%clk 00:03:38]} {[%emt 00:00:10]} Rf7 {[%clk 00:04:24]} {[%emt 00:00:04]}
68. Rxh3 {[%clk 00:03:18]} {[%emt 00:00:50]} Kxh3 {[%clk 00:04:52]} {[%emt
00:00:03]} 69. Kg6 {[%clk 00:03:44]} {[%emt 00:00:04]} Rxg7+ {[%clk 00:05:19]}
{[%emt 00:00:02]} 70. Kxg7 {[%clk 00:04:08]} {[%emt 00:00:06]} 1/2-1/2

[Event "FIDE World Cup 2025"]
[Site "Goa, India"]
[Date "2025.11.01"]
[Round "1.23"]
[White "Garcia Pantoja, Roberto"]
[Black "Karthik, Venkataraman"]
[Result "1/2-1/2"]
[TimeControl ": 90 minutes for the first 40 moves, followed by 30 minutes for the rest of the gamewith an increment of 30 seconds per move starting from move 1"]
[WhiteFideId "3509265"]
[BlackFideId "25006479"]
[WhiteElo "2502"]
[BlackElo "2579"]

1. e4 {[%clk 01:30:56]} {[%emt 00:00:02]} c5 {[%clk 01:30:54]} {[%emt
00:00:05]} 2. Nf3 {[%clk 01:31:15]} {[%emt 00:00:12]} d6 {[%clk 01:31:20]}
{[%emt 00:00:05]} 3. Bb5+ {[%clk 01:30:44]} {[%emt 00:01:01]} Bd7 {[%clk
01:31:44]} {[%emt 00:00:06]} 4. Bxd7+ {[%clk 01:30:48]} {[%emt 00:00:26]} Qxd7
{[%clk 01:32:07]} {[%emt 00:00:07]} 5. O-O {[%clk 01:30:06]} {[%emt 00:01:13]}
Nf6 {[%clk 01:32:30]} {[%emt 00:00:05]} 6. Qe2 {[%clk 01:29:52]} {[%emt
00:00:44]} Nc6 {[%clk 01:32:48]} {[%emt 00:00:13]} 7. c3 {[%clk 01:29:17]}
{[%emt 00:01:05]} e6 {[%clk 01:33:10]} {[%emt 00:00:07]} 8. d4 {[%clk
01:29:37]} {[%emt 00:00:11]} cxd4 {[%clk 01:33:32]} {[%emt 00:00:07]} 9. cxd4
{[%clk 01:30:00]} {[%emt 00:00:06]} d5 {[%clk 01:33:58]} {[%emt 00:00:05]} 10.
e5 {[%clk 01:30:02]} {[%emt 00:00:28]} Ne4 {[%clk 01:34:22]} {[%emt 00:00:06]}
11. Nbd2 {[%clk 01:30:22]} {[%emt 00:00:11]} Nxd2 {[%clk 01:34:42]} {[%emt
00:00:09]} 12. Bxd2 {[%clk 01:30:46]} {[%emt 00:00:05]} Be7 {[%clk 01:34:24]}
{[%emt 00:00:49]} 13. g3 {[%clk 01:26:25]} {[%emt 00:04:48]} O-O {[%clk
01:33:25]} {[%emt 00:01:32]} 14. Kg2 {[%clk 01:26:38]} {[%emt 00:00:16]} a5
{[%clk 01:29:51]} {[%emt 00:04:03]} 15. h4 {[%clk 01:20:01]} {[%emt 00:07:08]}
a4 {[%clk 01:29:22]} {[%emt 00:00:59]} 16. Qd3 {[%clk 01:05:24]} {[%emt
00:15:07]} h6 {[%clk 01:19:17]} {[%emt 00:10:35]} 17. Ng5 {[%clk 00:47:54]}
{[%emt 00:17:59]} g6 {[%clk 00:35:47]} {[%emt 00:44:00]} 18. Nh3 {[%clk
00:42:01]} {[%emt 00:06:24]} h5 {[%clk 00:36:11]} {[%emt 00:00:06]} 19. Nf4
{[%clk 00:36:01]} {[%emt 00:06:29]} Kg7 {[%clk 00:36:16]} {[%emt 00:00:25]} 20.
g4 {[%clk 00:17:36]} {[%emt 00:18:55]} hxg4 {[%clk 00:36:19]} {[%emt 00:00:28]}
21. h5 {[%clk 00:14:38]} {[%emt 00:03:28]} g5 {[%clk 00:36:32]} 22. Ng6 fxg6
{[%clk 00:34:39]} 23. Qxg6+ {[%clk 00:12:20]} {[%emt 00:00:07]} Kh8 {[%clk
00:35:05]} {[%emt 00:00:04]} 24. Qh6+ {[%clk 00:12:44]} {[%emt 00:00:07]} Kg8
{[%clk 00:35:31]} {[%emt 00:00:04]} 25. Qg6+ {[%clk 00:13:08]} {[%emt
00:00:05]} Kh8 {[%clk 00:35:57]} {[%emt 00:00:04]} 26. Qh6+ {[%clk 00:13:33]}
{[%emt 00:00:05]} Kg8 {[%clk 00:36:21]} {[%emt 00:00:06]} 27. Qg6+ {[%clk
00:13:57]} {[%emt 00:00:06]} Kh8 {[%emt 00:01:08]} 1/2-1/2